DESIGNS AND CONCEPTS (Record no. 13317)
[ view plain ]
| 000 -LEADER | |
|---|---|
| fixed length control field | 00293 a2200109 4500 |
| 008 - FIXED-LENGTH DATA ELEMENTS--GENERAL INFORMATION | |
| fixed length control field | 250520b ||||| |||| 00| 0 eng d |
| 020 ## - INTERNATIONAL STANDARD BOOK NUMBER | |
| International Standard Book Number | 9788494717949 |
| 100 ## - MAIN ENTRY--PERSONAL NAME | |
| Personal name | Norman Foster Foundation(editor) |
| 245 ## - TITLE STATEMENT | |
| Title | DESIGNS AND CONCEPTS |
| 260 ## - PUBLICATION, DISTRIBUTION, ETC. (IMPRINT) | |
| Name of publisher, distributor, etc | Norman Foster Foundation |
| Date of publication, distribution, etc | 2021 |
| 942 ## - ADDED ENTRY ELEMENTS (KOHA) | |
| Source of classification or shelving scheme | |
| Withdrawn status | Lost status | Source of classification or shelving scheme | Damaged status | Koha normalized classification for sorting | Not for loan | Permanent location | Current location | Date acquired | Source of acquisition | Cost, normal purchase price | Total Checkouts | Full call number | Barcode | Date last seen | Date last borrowed | Cost, replacement price | Price effective from | Koha item type |
|---|---|---|---|---|---|---|---|---|---|---|---|---|---|---|---|---|---|---|
| 720_920000000000000 | BMS College of Architecture, Design and Planning | BMS College of Architecture, Design and Planning | 2025-05-20 | 1 | 2305.15 | 1 | 720.92 | AR-UG4556 | 2025-08-13 | 2025-08-12 | 3073.53 | 2025-05-20 | UG Books |